Pasapalabra futbolero #2 - Estadísticas

Estadísticas generales
  • Esta prueba ha sido intentada 70 veces
  • La puntuación promedio es 17 de 26
Estadísticas de respuestas
LETRA DEFINICIÓN RESPUESTA % Correcto
L Nombre del mediocentro argentino Paredes Leandro
92%
V Nombre del seleccionador español que levantó el Mundial con Españaen 2010 Vicente del Bosque
92%
F Nacionalidad de Teemu Pukki Finlandia
91%
I Selección rival que por culpa de una mano clamorosa de Thierry Henryno obtuvo la clasificación para el Mundial 2010 Irlanda
91%
C Selección en la que juega Vincent Aboubakar Camerún
89%
B Equipo revelación de la UEFA Champions League en 2026 Bodo/Glimt
86%
D Nombre del mediocampista danés que militó en el Valencia y Atlético de Madrid entre otros, de apellido Wass Daniel
86%
X Pivote suizo, par, que ha jugado en equipos como el Arsenal y el BayerLeverkusen Granit Xhaka
83%
U País donde juega Santiago Wanderers Uruguay
81%
O Quién anotó el único gol de Brasil en el mítico 7-1 Óscar
80%
Z Nacionalidad de Tino Kadewere Zimbabue
77%
N Jugador que le robó un golazo a Cristiano Ronaldo frente a España yno fue validado ya que estaba en fuera de juego Nani
75%
H Apellido del jugador apátrido que perdió la final del Mundial en 2014 Gonzalo Higuaín
70%
E Selección que le quitaron 3 puntos en las clasificatorias al Mundial 2026,por irregularidades en un la nacionalidad de un jugador Ecuador
63%
J El que iba a ser el nuevo Cristiano Ronaldo Jesé Rodríguez
56%
R El decano del fútbol español Recreativo de Huelva
56%
T Lateral izquierdo francés, que destaca por su velocidad y que despuntó en el Real Madrid Theo Hernández
55%
Q Autor del golazo en la Libertadores que se jugó en el Bernabéu Juan Quintero
53%
W Nombre del extremo más mítico que jugó en el Crystal Palace, deapellido Zaha Wilfried
50%
S Posiblemente el delantero más carismático que ha jugado en Laliga,tronco de época y con el 6 a la espalda, remarcable su temporada en el Almería que le hizo dar el salto a la élite del fútbol español Sadiq
45%
G Ciudad en la que es local el Schalke 04 Gelsenkirchen
44%
M Apellido del ex-central del Leganés que ha disputado varios partidosen la King's League Martín Mantovani
44%
A Apellido del delantero que falló el penalti decisivo en la tanda de penaltisde la final de la UEFA Champions League en 2008 Nicolas Anelka
41%
K Jugador ex-PSG que se rompió el tendón de aquiles y estuvo 1 año sinjugar Presnel Kimpembe
41%
P Nombre del delantero camerunés que destacó en el Huesca en la temporada 2024-25 Patrick
22%
Y Delantero panameño que disputó la Copa Oro en 2025 y que militó enel Real Zaragoza César Yanis
5%
No se encontraron pruebas coincidentes
Distribución de puntuación
Porcentaje de gente con cada puntuación
Porcentaje por número respondido
Historial de tus puntuaciones
No has intentado esta prueba.